|
|
|
|
| LEADER |
00834pam a22002178a 4500 |
| 001 |
00016216 |
| 005 |
20171026081022.0 |
| 008 |
110406s1981 ||||||Viesd |
| 041 |
0 |
# |
|a Vie
|
| 082 |
1 |
4 |
|a 620.100 71
|b S552B
|
| 100 |
0 |
# |
|a Nguyễn Văn Nhậm
|
| 245 |
0 |
0 |
|a Sức bền vật liệu
|b ( dùng cho học sinh Trung học chuyên nghiệp )
|c Nguyễn Văn Nhậm, Đinh Đăng Miển
|
| 260 |
# |
# |
|a H.
|b Đại học và Trung học chuyên nghiệp Hà Nội
|c 1981
|
| 300 |
# |
# |
|b Hình vẽ
|c 21 cm.
|a 343 tr.
|
| 650 |
# |
4 |
|a Giáo trình
|
| 650 |
# |
4 |
|a Sức bền vật liệu
|
| 700 |
0 |
# |
|a Đinh Đăng Miễn
|
| 852 |
# |
# |
|b Kho đọc
|j KD.0001514
|
| 852 |
# |
# |
|j KD.0001514
|
| 910 |
|
|
|d 06/04/2011
|
| 980 |
# |
# |
|a Trung tâm Học liệu Lê Vũ Hùng, Trường Đại học Đồng Tháp
|